[Event "Polanica Zdroj op"]
[Site "Polanica Zdroj"]
[Date "1994.??.??"]
[Round "?"]
[White "Grossmann, Ryszard"]
[Black "Zietek Czerwonska, Beata"]
[Result "1/2-1/2"]
[WhiteElo "2240"]
[BlackElo "2105"]
[PlyCount "106"]
[EventDate "1994.??.??"]
[EventType "swiss"]
[EventRounds "10"]
[EventCountry "POL"]
[SourceTitle "EXT 1998"]
[Source "ChessBase"]
[SourceDate "1997.11.17"]
[SourceVersion "1"]
[SourceVersionDate "1997.11.17"]
[SourceQuality "1"]

1. d4 d6 2. c4 e5 3. Nf3 e4 4. Ng5 f5 5. g3 Be7 6. h4 c6 7. Nh3 Na6 8. Bg5 Nf6 9. e3 Nc7 10. Nc3 Ne6 11. Be2 0-0 12. Bxf6 Bxf6 13. Qc2 a6 14. Rd1 Qe7 15. Kf1 Bd7 16. Rd2 Rad8 17. Bd1 Nc7 18. Nf4 g6 19. Qb3 Bc8 20. Qb6 Kg7 21. Kg2 Qf7 22. Nce2 d5 23. cxd5 Nxd5 24. Nxd5 Qxd5 25. a4 h6 26. Nf4 Qd6 27. b4 Be7 28. h5 Qxb4 29. Qxb4 Bxb4 30. Rb2 a5 31. Nxg6 Rfe8 32. Bb3 Be6 33. Bxe6 Rxe6 34. Rc2 Kf6 35. Rb1 Rdd6 36. Kh3 Kg5 37. Nf4 Re8 38. Rg1 Kf6 39. g4 Rg8 40. Ng6 Rd5 41. Rcc1 fxg4+ 42. Kh4 Rf5 43. Nf4 Bd6 44. Rxg4 Rgg5 45. Rb1 Bxf4 46. exf4 Rxh5+ 47. Kg3 b5 48. Rc1 c5 49. axb5 cxd4 50. Rc6+ Kf7 51. Rc7+ Kf6 52. Rc6+ Kf7 53. Rc7+ Kf6 1/2-1/2

[Event "POL-chT 49th"]
[Site "Lubniewice"]
[Date "1993.??.??"]
[Round "7"]
[White "Litynska, Marta"]
[Black "Zietek Czerwonska, Beata"]
[Result "1-0"]
[WhiteElo "2305"]
[BlackElo "2135"]
[PlyCount "77"]
[EventDate "1993.09.23"]
[EventType "team-tourn"]
[EventRounds "11"]
[EventCountry "POL"]
[SourceTitle "TD"]
[Source "ChessBase"]
[SourceDate "1994.03.01"]
[SourceVersion "1"]
[SourceVersionDate "1994.03.01"]
[SourceQuality "1"]
[WhiteTeam "Gdansk Gedania"]
[BlackTeam "Legnica Miedz"]
[WhiteTeamCountry "POL"]
[BlackTeamCountry "POL"]

1. d4 d6 2. g3 g6 3. Bg2 Bg7 4. Nf3 Nf6 5. 0-0 Nbd7 6. c4 0-0 7. Nc3 c6 8. b3 Qc7 9. h3 Rb8 10. Bb2 b5 11. cxb5 cxb5 12. Rc1 Qa5 13. Nd2 Nb6 14. a3 b4 15. axb4 Qxb4 16. e3 Be6 17. Na2 Qa5 18. Bc3 Qb5 19. e4 d5 20. e5 Ne4 21. Bb4 Qd7 22. Kh2 Bh6 23. f4 Rfc8 24. Bc5 Bf8 25. g4 f5 26. exf6 exf6 27. Nxe4 dxe4 28. Bxe4 f5 29. gxf5 Bxf5 30. Bg2 Nd5 31. Qf3 Nf6 32. b4 Bh6 33. Nc3 Re8 34. Kg1 Ne4 35. Qd1 Ng3 36. Rf3 Ne4 37. Rf1 Qd8 38. d5 Qh4 39. d6 1-0

[Event "POL-chT 46th prel"]
[Site "Bydgoszcz"]
[Date "1990.09.21"]
[Round "6"]
[White "Zietek Czerwonska, Beata"]
[Black "Lewandowska, Katarzyna"]
[Result "1-0"]
[WhiteElo "2110"]
[BlackElo "2100"]
[PlyCount "121"]
[EventDate "1990.09.16"]
[EventType "team-swiss"]
[EventRounds "6"]
[EventCountry "POL"]
[SourceTitle "EXT 2019"]
[Source "ChessBase"]
[SourceDate "2018.10.10"]
[SourceVersion "1"]
[SourceVersionDate "2018.10.10"]
[SourceQuality "1"]
[WhiteTeam "Legnica Miedz"]
[BlackTeam "Katowice Kolejarz"]
[WhiteTeamCountry "POL"]
[BlackTeamCountry "POL"]

1. Nf3 g6 2. g3 Bg7 3. Bg2 d6 4. e4 e5 5. 0-0 Ne7 6. d4 0-0 7. c3 c6 8. b3 Qc7 9. Nbd2 h6 10. Bb2 Be6 11. Qe2 a5 12. Nc4 a4 13. Ba3 b5 14. dxe5 dxe5 15. Ncd2 Rd8 16. c4 Na6 17. cxb5 cxb5 18. Qxb5 Rdb8 19. Qd3 Rd8 20. Qb5 Rdb8 21. Qd3 Nb4 22. Bxb4 Rxb4 23. Rfc1 Qb7 24. a3 Rb6 25. b4 Nc6 26. Nc4 Rd8 27. Qc2 Ra6 28. Bf1 Raa8 29. Nb2 Nd4 30. Nxd4 exd4 31. Bd3 Rdc8 32. Qd2 Bb3 33. Rxc8+ Rxc8 34. Rc1 Rc3 35. Nd1 Bxd1 36. Rxc3 dxc3 37. Qxd1 Qa7 38. Bc2 Bd4 39. Qe2 Qd7 40. Kg2 Be5 41. Qd1 Bd4 42. Bxa4 Qa7 43. f3 Bg1 44. Qc2 h5 45. Bb3 h4 46. a4 Qe3 47. b5 h3+ 48. Kxh3 Qh6+ 49. Kg2 Qxh2+ 50. Kf1 Qxg3 51. Qg2 Qxg2+ 52. Kxg2 Bb6 53. Kf1 Kf8 54. Ke2 c2 55. Bxc2 Ke7 56. Kd3 Kd6 57. Bb3 f6 58. Bf7 g5 59. Kc4 Ba5 60. Be8 Bb6 61. Kb4 1-0

[Event "POL-ch (Women)"]
[Site "Konin"]
[Date "1990.??.??"]
[Round "12"]
[White "Pilarska, Czeslawa"]
[Black "Zietek Czerwonska, Beata"]
[Result "1-0"]
[WhiteElo "2050"]
[BlackElo "2095"]
[PlyCount "80"]
[EventDate "1990.??.??"]
[EventType "tourn"]
[EventRounds "15"]
[EventCountry "POL"]
[SourceTitle "EXT 1999"]
[Source "ChessBase"]
[SourceDate "1998.11.16"]
[SourceVersion "1"]
[SourceVersionDate "1998.11.16"]
[SourceQuality "1"]

1. e4 c5 2. Nc3 Nc6 3. g3 g6 4. Bg2 Bg7 5. d3 Rb8 6. Be3 d6 7. Qd2 Qa5 8. Nge2 Nd4 9. 0-0 Nxe2+ 10. Qxe2 Bxc3 11. bxc3 Qxc3 12. Rab1 Nf6 13. Rb3 Qa5 14. Bh6 Qc7 15. h3 Rg8 16. f4 Nh5 17. Kh2 Ng7 18. Bxg7 Rxg7 19. e5 Rg8 20. Be4 b6 21. Qf3 Be6 22. Ra3 dxe5 23. fxe5 Qxe5 24. Rxa7 Kf8 25. Rb1 Qd6 26. Ra6 Kg7 27. a4 Bc8 28. Ra7 Qe6 29. Qg2 Rd8 30. c4 Rd7 31. Bd5 Qd6 32. Rxd7 Bxd7 33. Qb2+ Kg8 34. a5 b5 35. Qa2 e6 36. Be4 b4 37. a6 Bc6 38. a7 Ra8 39. Qa6 Rxa7 40. Qxa7 Be8 1-0

[Event "POL-ch (Women)"]
[Site "Konin"]
[Date "1990.??.??"]
[Round "4"]
[White "Zietek Czerwonska, Beata"]
[Black "Erenska Barlo, Hanna"]
[Result "1/2-1/2"]
[WhiteElo "2095"]
[BlackElo "2270"]
[PlyCount "22"]
[EventDate "1990.??.??"]
[EventType "tourn"]
[EventRounds "15"]
[EventCountry "POL"]
[SourceTitle "EXT 1999"]
[Source "ChessBase"]
[SourceDate "1998.11.16"]
[SourceVersion "1"]
[SourceVersionDate "1998.11.16"]
[SourceQuality "1"]

1. Nf3 Nf6 2. b3 g6 3. Bb2 Bg7 4. e3 0-0 5. c4 d6 6. Be2 Nc6 7. a3 e5 8. d3 Bf5 9. Nbd2 Re8 10. b4 a6 11. 0-0 Nd7 1/2-1/2